000 00374nam a2200133Ia 4500
008 220214s9999 xx 000 0 und d
100 _aJohnson C M
245 0 _aMicroestimation of sulfur:In plant materials, soils and irrigation waters
260 _bAnalytical Chemistry
_c1952
300 _a736-742
650 _aMicroestimation
700 _aNishita Hideo
942 _cRE
999 _c45331
_d45331